Plants vs Zombies heroes characters - Statistics

General Stats
  • This quiz has been taken 273 times
  • The average score is 13 of 20
Answer Stats
Categories Class Answer % Correct
Plant Kabloom and Solar Solar flare
92%
Plant Mega-grow and Smarty Green shadow
89%
Plant Guardian and Kabloom Spudow
83%
Plant Guardian and Smarty Citron
82%
Plant Guardian and Solar Wall-knight
80%
Zombie Brainy and Sneaky Super brainz
77%
Plant Mega-grow and Solar Chompzilla
76%
Plant Smarty and Solar Rose
75%
Zombie Sneaky and Crazy Impfinity
70%
Plant Kabloom and Smarty Night cap
70%
Zombie Hearty and Beastly The smash
69%
Plant Mega-grow and Guardian Grass knuckles
64%
Zombie Hearty and Sneaky Neptuna
61%
Zombie Hearty and Crazy Z-mech
59%
Plant Kabloom and Mega-grow Captain combustible
56%
Zombie Brainy and Crazy Professor brainstorm
53%
Zombie Sneaky and Beastly Brain freeze
52%
Zombie Beastly and Crazy Electric boogaloo
52%
Zombie Brainy and Beastly Immorticia
52%
Zombie Brainy and Hearty Rusbolt
15%
No matching quizzes found
Score Distribution
Percent of People with Each Score
Percentile by Number Answered
Your Score History
You have not taken this quiz